| 000 | 00487nam a2200181Ia 4500 | ||
|---|---|---|---|
| 001 | 25232 | ||
| 005 | 20260414151136.0 | ||
| 008 | 260414t2017||||xx |||||||||||||| ||spa|| | ||
| 041 | _aESP | ||
| 082 |
_a346.4 _bV66 |
||
| 100 |
_aVillanueva Haro, Benito _eAUT |
||
| 245 | 0 |
_aEl proceso de ejecución de garantías en el derecho peruano : _bproblemas y soluciones |
|
| 260 | _c2017 | ||
| 300 |
_a159 páginas : _c24 cm. |
||
| 650 | _aDER | ||
| 654 | _aCDE | ||
| 942 |
_cLIB _dJUS _fJUS _2ddc _n |
||
| 999 |
_c25232 _d25232 |
||